Cromatografía de gases / (Record no. 50134)

MARC details
000 -LEADER
campo de control de longitud fija 00476nam a2200169 i 4500
001 - NÚMERO DE CONTROL
campo de control 50134
003 - IDENTIFICADOR DE NÚMERO DE CONTROL
campo de control ES-MaACL
005 - FECHA Y HORA DE LA ÚLTIMA TRANSACCIÓN
campo de control 20230906162129.0
007 - CAMPO FIJO DE DESCRIPCIÓN FÍSICA--INFORMACIÓN GENERAL
campo de control de longitud fija t|
008 - DATOS DE LONGITUD FIJA--INFORMACIÓN GENERAL
campo de control de longitud fija 030731m19711973sp ||||1| spa d
245 00 - MENCIÓN DEL TÍTULO
Título Cromatografía de gases /
Mención de responsabilidad, etc. M. V. Dabrio Bañuls ... [et al.].
250 ## - MENCION DE EDICION
Mención de edición [1ª ed.].
260 ## - PUBLICACIÓN, DISTRIBUCIÓN, ETC.
Lugar de publicación, distribución, etc. Madrid :
Nombre del editor, distribuidor, etc. Alhambra,
Fecha de publicación, distribución, etc. [1971-73]
300 ## - DESCRIPCIÓN FÍSICA
Extensión 2 v. :
Otras características físicas il. ;
Dimensiones 20 cm.
700 1# - ENTRADA AGREGADA--NOMBRE PERSONAL
Nombre de persona Dabrio Bañuls, M.V.
9 (RLIN) 42406
852 ## - LOCALIZACIÓN
Ubicación ES-MaACL
Número de control de estantería C-55660-1
Sublocalización o colección R.78999
Holdings
Estatus retirado Estado de pérdida Estado de daño No para préstamo Biblioteca de origen Biblioteca actual Ubicación en estantería Fecha de adquisición Fuente de adquisición Total de préstamos Signatura topográfica completa Código de barras Visto por última vez Precio de reemplazo Tipo de ítem Koha
        Biblioteca del Ateneo de Madrid Biblioteca del Ateneo de Madrid Depósito 2 17/01/2008     C-55660-1 1052738 23/02/2023 23/02/2023 Libro impreso